000 01095cam a2200301 i 4500
999 _c13198
_d13198
001 18638537
003 MAJU-Karachi
005 20220219115410.0
008 150601s2016 nyu b 001 0 eng
010 _a 2015020479
020 _a9781259278211 (alk. paper)
040 _aDLC
_beng
_cDLC
_erda
_dDLC
042 _apcc
050 0 0 _aHD30.28
_b.D4746 2016
082 0 0 _a658.4/012
_223
100 1 _aDess, Gregory G.
245 1 0 _aStrategic management :
_btext and cases /
_cGregory G. Dess, University of Texas at Dallas, Gerry McNamara, Michigan State University, Alan B. Eisner, Pace University.
250 _aEighth Edition.
300 _axxxviii, 456 pages ;
_c26 cm
500 _aRevised edition of Strategic management, 2014.
504 _aIncludes bibliographical references and indexes.
650 0 _aStrategic planning.
700 1 _aMcNamara, Gerry.
700 1 _aEisner, Alan B.
906 _a7
_bcbc
_corignew
_d1
_eecip
_f20
_gy-gencatlg
942 _2ddc
_cMANAGEMENT